| 000 | 00852cim a2200301 a 4500 | ||
|---|---|---|---|
| 001 | 14351050 | ||
| 005 | 20180130034811.0 | ||
| 007 | ss lunjlcmpnue | ||
| 008 | 060424s2005 nyunnn z eng d | ||
| 010 | _a 2006575546 | ||
| 020 | _a1593976682 | ||
| 024 | 3 | _a9781593976682 | |
| 028 | 0 | 2 |
_aART 668 _bAudio Renaissance |
| 035 | _a(OCoLC)ocm58807028 | ||
| 040 |
_aGEC _cGEC _dOCLCQ _dBAKER _dDLC |
||
| 041 | _aeng | ||
| 042 | _alccopycat | ||
| 080 | _a94 FRI | ||
| 082 | _294 FRI | ||
| 100 | 1 | _a16 | |
| 101 | _aHIS | ||
| 245 | 1 | 4 |
_aThe world is flat _cby Thomas L. Friedman. |
| 306 | _a190000 | ||
| 511 | 0 | _aRead by Oliver Wyman. | |
| 906 |
_a7 _bcbc _ccopycat _d2 _encip _f20 _gy-genmusic |
||
| 942 |
_2ddc _cBK |
||
| 999 |
_c41228 _d41228 |
||